Historia de la filosofía

Uloženo v:
Podrobná bibliografie
Médium: Kniha
Jazyk:španělština
Vydáno: Ciudad de México Siglo Veintiuno 1980
Vydání:4a. ed
Témata:
Tagy: Přidat tag
Žádné tagy, Buďte první, kdo vytvoří štítek k tomuto záznamu!

MARC

LEADER 00000nam a2200000 a 4500
001 UCL1518
003 CL-VaPUC
008 030911e19800000MX |||||||||||||||||spa|d
020 |a 8432301124 obra completa 
020 |a 8432301361 v.5 
082 0 4 |a 109  |b HIS  |2 21 
245 1 0 |a Historia de la filosofía 
250 |a 4a. ed 
300 |a v 
942 |c BK 
945 |d 20030911 00:00:00  |a vberengu 
260 |a Ciudad de México  |b Siglo Veintiuno  |c 1980 
500 |a v.5: La filosofía en el renacimiento 
650 0 |a Historia de la filosofía  |9 256920 
583 |a last modification  |c 20030911 00:00:00  |k Rodrigo Vera 
999 |c 305054  |d 305052 
952 |0 0  |1 0  |4 0  |6 109_000000000000000_HIS_1980  |7 0  |8 A  |9 368002  |a BIBTEO  |b BIBTEO  |d 2019-11-21  |h v.5  |i 2077361  |l 1  |o 109 HIS 1980  |p 2077361  |r 2025-04-22  |s 2024-08-05  |w 2019-11-21  |y BK  |k ICR